Química orgánica

Bibliographic Details
Main Authors: Meislich, Herbert, Nechamkin, Howard, Sharefkin, Jacob
Format: Section = Libro
Language:Undetermined
Spanish
Published: México McGraw-Hill 1993
Edition:2a.ed
Subjects:
LEADER 00531nam a2200217Ia 4500
008 240830s9999 xx 000 0 und d
020 |a 84-7615-785-1 
040 |a CEDOC FIQ-RUSB / 547 M515 
041 |a spa 
082 |a 547 M515 
100 1 |a Meislich, Herbert 
100 1 |b  Nechamkin, Howard 
100 1 |c  Sharefkin, Jacob 
245 1 0 |a Química orgánica 
250 |a 2a.ed 
260 |a México  |b McGraw-Hill  |c 1993 
300 |a 626 p. : il 
650 7 |a QUIMICA ORGANICA 
942 |c BK  |2 ddc 
991 |a TEXTO 
999 |c 14071